000 00367nam a2200145Ia 4500
008 191201s2003 xx 000 0 und d
082 _a621.3
_bRAE
100 _a PRASAD, Rajendra
245 0 _aElectronic Instrumentation and Measurement
250 _a3rd
260 _aN.Delhi
_bKhanna Publisher
_c2003
300 _a692
650 _aB.Tech(ECE)
942 _2ddc
_cBK
999 _c1885
_d1885